[Event "DVM U12 2018"]
[Site "Magdeburg GER"]
[Date "2018.12.28"]
[Round "4"]
[White "Helms, Finn"]
[Black "Zielke, Ansgar"]
[Result "1-0"]
[Termination "normal"]
[Board "3.3"]
[WhiteElo "1618"]
[BlackElo "1642"]
[WhiteClock "01:03:28"]
[BlackClock "00:29:02"]
[WhiteTeam "SC Turm Lüneburg"]
[BlackTeam "SC Borussia Lichtenberg"]
[PlyCount "91"]
[WhiteFideId "16249143"]
[BlackFideId "16244800"]
[EventCountry "GER"]
[EventRounds "7"]
[EventType "team-swiss"]
[EventDate "2018.12.26"]

1. c4 {[%clk 1:30:58]} e6 {[%clk 1:30:52]} 2. Nc3 {[%clk 1:31:22]} d5 {[%clk
1:31:12]} 3. cxd5 {[%clk 1:31:40]} exd5 {[%clk 1:31:29]} 4. d4 {[%clk 1:32:01]}
Nf6 {[%clk 1:26:19]} 5. Bf4 {[%clk 1:31:56]} c6 {[%clk 1:24:29]} 6. e3 {[%clk
1:32:15]} Bf5 {[%clk 1:20:07]} 7. Nf3 {[%clk 1:31:24]} Bb4 {[%clk 1:16:26]} 8.
a3 {[%clk 1:28:45]} Ba5 {[%clk 1:15:31]} 9. b4 {[%clk 1:28:31]} Bc7 {[%clk
1:14:43]} 10. Bxc7 {[%clk 1:28:40]} Qxc7 {[%clk 1:15:06]} 11. Be2 {[%clk
1:28:04]} O-O {[%clk 1:12:52]} 12. O-O {[%clk 1:27:44]} Re8 {[%clk 1:09:14]}
13. Rc1 {[%clk 1:27:10]} Qe7 {[%clk 1:05:41]} 14. Qb3 {[%clk 1:25:59]} a6
{[%clk 1:04:35]} 15. Na4 {[%clk 1:25:08]} Nbd7 {[%clk 1:04:49]} 16. Nc5 {[%clk
1:23:57]} Nxc5 {[%clk 1:01:20]} 17. bxc5 {[%clk 1:20:41]} Rab8 {[%clk 0:58:57]}
18. Bd3 {[%clk 1:19:01]} Bxd3 {[%clk 0:55:53]} 19. Qxd3 {[%clk 1:19:24]} Nd7
{[%clk 0:43:43]} 20. Rb1 {[%clk 1:18:23]} Nf8 {[%clk 0:42:21]} 21. Rb3 {[%clk
1:18:19]} Qc7 {[%clk 0:39:03]} 22. Rfb1 {[%clk 1:18:18]} Ne6 {[%clk 0:37:00]}
23. R1b2 {[%clk 1:17:44]} Nd8 {[%clk 0:35:16]} 24. Ne5 {[%clk 1:05:46]} f6
{[%clk 0:30:43]} 25. Nf3 {[%clk 1:05:35]} Re7 {[%clk 0:29:02]} 26. Rb6 {[%clk
1:03:28]} Ra8 27. Qf5 Qd7 28. Qxd7 Rxd7 29. Kf1 Kf7 30. Nd2 Ra7 31. Ke2 f5 32.
Kd3 Ke6 33. f3 h5 34. Kc3 g5 35. e4 fxe4 36. fxe4 dxe4 37. Nxe4 Rg7 38. Rf2 Nf7
39. Rb1 h4 40. Re1 Kd7 41. Nf6+ Kd8 42. Rfe2 Nh6 43. Re8+ Kc7 44. Rh8 Nf7 45.
Ne8+ Kd7 46. Nxg7 1-0

[Event "DVM U12 2018"]
[Site "Magdeburg GER"]
[Date "2018.12.28"]
[Round "4"]
[White "Zobel, Christian"]
[Black "Rennkamp, David"]
[Result "1-0"]
[Termination "normal"]
[Board "3.4"]
[WhiteElo "1364"]
[BlackElo "1223"]
[WhiteClock "01:01:52"]
[BlackClock "00:23:13"]
[WhiteTeam "SC Borussia Lichtenberg"]
[BlackTeam "SC Turm Lüneburg"]
[PlyCount "105"]
[WhiteFideId "16259068"]
[BlackFideId "16249526"]
[EventCountry "GER"]
[EventRounds "7"]
[EventType "team-swiss"]
[EventDate "2018.12.26"]

1. e4 {[%clk 1:30:56]} e5 {[%clk 1:30:57]} 2. Nf3 {[%clk 1:31:21]} Nc6 {[%clk
1:31:16]} 3. Bc4 {[%clk 1:31:45]} Bc5 {[%clk 1:31:37]} 4. c3 {[%clk 1:32:09]}
Nf6 {[%clk 1:31:43]} 5. d3 {[%clk 1:32:35]} d6 {[%clk 1:31:53]} 6. O-O {[%clk
1:32:55]} O-O {[%clk 1:32:19]} 7. h3 {[%clk 1:33:18]} Be6 {[%clk 1:32:33]} 8.
Bb3 {[%clk 1:33:40]} a6 {[%clk 1:32:26]} 9. Re1 {[%clk 1:33:31]} h6 {[%clk
1:32:01]} 10. Nbd2 {[%clk 1:33:37]} b5 {[%clk 1:30:12]} 11. Nf1 {[%clk
1:30:45]} a5 {[%clk 1:27:06]} 12. Be3 {[%clk 1:29:42]} Bxe3 {[%clk 1:23:40]}
13. Nxe3 {[%clk 1:27:35]} a4 {[%clk 1:21:16]} 14. Bc2 {[%clk 1:24:51]} Ne7
{[%clk 1:12:38]} 15. Nh4 {[%clk 1:20:00]} Nh7 {[%clk 1:02:36]} 16. d4 {[%clk
1:11:17]} Bd7 {[%clk 0:44:12]} 17. Qd3 {[%clk 1:07:50]} Bc6 {[%clk 0:26:37]}
18. Nhf5 {[%clk 0:59:19]} Nxf5 {[%clk 0:22:30]} 19. Nxf5 {[%clk 0:58:12]} Bd7
{[%clk 0:18:32]} 20. Re3 {[%clk 0:55:27]} Bxf5 {[%clk 0:18:30]} 21. exf5 {[%clk
0:55:49]} exd4 22. Qxd4 {[%clk 0:55:10]} Nf6 {[%clk 0:16:43]} 23. Rd1 {[%clk
0:53:50]} Re8 {[%clk 0:14:18]} 24. Rdd3 {[%clk 0:47:43]} Rxe3 {[%clk 0:13:23]}
25. Rxe3 {[%clk 0:44:14]} Qd7 {[%clk 0:12:19]} 26. Qh4 {[%clk 0:42:56]} Re8
{[%clk 0:10:56]} 27. Rg3 {[%clk 0:42:56]} Kh7 {[%clk 0:11:02]} 28. Kf1 {[%clk
0:41:42]} Qe7 {[%clk 0:09:36]} 29. Re3 {[%clk 0:41:55]} Qd7 {[%clk 0:09:45]}
30. g4 {[%clk 0:42:04]} Rxe3 {[%clk 0:08:28]} 31. fxe3 {[%clk 0:42:21]} Nd5
{[%clk 0:07:46]} 32. Kf2 {[%clk 0:40:52]} Qe8 {[%clk 0:07:30]} 33. e4 {[%clk
0:40:13]} Nf6 {[%clk 0:05:43]} 34. g5 {[%clk 0:38:28]} Ng8 {[%clk 0:05:16]} 35.
gxh6 {[%clk 0:32:51]} Nxh6 {[%clk 0:04:21]} 36. f6 {[%clk 0:31:11]} g6 {[%clk
0:04:17]} 37. Kf3 {[%clk 0:30:26]} Qe5 {[%clk 0:04:16]} 38. Qf4 {[%clk
0:29:15]} Ng8 {[%clk 0:02:32]} 39. Qxe5 {[%clk 0:28:52]} dxe5 {[%clk 0:02:45]}
40. c4 {[%clk 0:29:10]} bxc4 {[%clk 0:02:35]} 41. Bxa4 {[%clk 0:29:25]} Nxf6
{[%clk 0:02:48]} 42. Bb5 {[%clk 0:29:46]} c3 {[%clk 0:02:39]} 43. bxc3 {[%clk
0:30:08]} Ng8 {[%clk 0:25:19]} 44. a4 {[%clk 1:00:14]} Ne7 {[%clk 0:25:04]} 45.
Bd7 {[%clk 1:00:10]} f5 {[%clk 0:24:53]} 46. a5 {[%clk 1:00:22]} fxe4+ {[%clk
0:24:00]} 47. Kxe4 {[%clk 1:00:28]} c6 {[%clk 0:24:20]} 48. a6 {[%clk 1:00:44]}
Nd5 {[%clk 0:23:50]} 49. a7 {[%clk 1:00:58]} Nb6 {[%clk 0:23:32]} 50. Bxc6
{[%clk 1:01:17]} Kg7 {[%clk 0:23:18]} 51. Kxe5 {[%clk 1:01:33]} Kf7 {[%clk
0:23:13]} 52. a8=Q {[%clk 1:01:52]} Nxa8 {[%clk 0:23:13]} 53. Bxa8 {[%clk
1:01:52]} 1-0

[Event "DVM U12 2018"]
[Site "Magdeburg GER"]
[Date "2018.12.28"]
[Round "4"]
[White "Kraftsik, Christian"]
[Black "Nitsche, Nikolai"]
[Result "1-0"]
[Termination "normal"]
[Board "4.1"]
[WhiteElo "1771"]
[BlackElo "1695"]
[WhiteClock "01:16:01"]
[BlackClock "01:08:07"]
[WhiteTeam "SC Vaterstetten"]
[BlackTeam "SV Empor Berlin"]
[PlyCount "67"]
[WhiteFideId "16242548"]
[BlackFideId "16221036"]
[EventCountry "GER"]
[EventRounds "7"]
[EventType "team-swiss"]
[EventDate "2018.12.26"]

1. d4 {[%clk 1:30:58]} d5 {[%clk 1:30:42]} 2. c4 {[%clk 1:31:21]} e6 {[%clk
1:31:07]} 3. Nc3 {[%clk 1:31:38]} c6 {[%clk 1:31:28]} 4. cxd5 {[%clk 1:31:57]}
exd5 {[%clk 1:31:41]} 5. Bf4 {[%clk 1:31:58]} Bf5 {[%clk 1:31:54]} 6. a3 {[%clk
1:31:43]} Nf6 {[%clk 1:31:55]} 7. e3 {[%clk 1:30:57]} Bd6 {[%clk 1:31:25]} 8.
Bxd6 {[%clk 1:30:01]} Qxd6 {[%clk 1:31:40]} 9. Bd3 {[%clk 1:29:20]} Bg6 {[%clk
1:31:45]} 10. Nf3 {[%clk 1:28:12]} Nbd7 {[%clk 1:31:09]} 11. Nh4 {[%clk
1:24:43]} Bxd3 {[%clk 1:29:42]} 12. Qxd3 {[%clk 1:24:54]} O-O {[%clk 1:29:45]}
13. O-O {[%clk 1:23:19]} Rac8 {[%clk 1:27:40]} 14. b4 {[%clk 1:22:20]} b6
{[%clk 1:26:46]} 15. Ne2 {[%clk 1:20:44]} c5 {[%clk 1:25:25]} 16. Nf5 {[%clk
1:20:29]} c4 {[%clk 1:23:11]} 17. Nxd6 {[%clk 1:18:38]} cxd3 {[%clk 1:23:33]}
18. Nxc8 {[%clk 1:19:05]} dxe2 {[%clk 1:23:56]} 19. Ne7+ {[%clk 1:19:32]} Kh8
{[%clk 1:22:42]} 20. Rfe1 {[%clk 1:19:58]} Re8 {[%clk 1:20:36]} 21. Nf5 {[%clk
1:19:49]} Rc8 {[%clk 1:16:47]} 22. Rxe2 {[%clk 1:20:05]} g6 {[%clk 1:13:15]}
23. Ng3 {[%clk 1:18:56]} Kg7 {[%clk 1:11:44]} 24. Ree1 {[%clk 1:19:10]} Rc4
{[%clk 1:11:45]} 25. Rec1 {[%clk 1:18:54]} b5 {[%clk 1:11:24]} 26. f3 {[%clk
1:18:07]} Ne8 {[%clk 1:10:30]} 27. Nf1 {[%clk 1:17:49]} Nd6 {[%clk 1:07:45]}
28. Nd2 {[%clk 1:16:18]} Rxc1+ {[%clk 1:07:35]} 29. Rxc1 {[%clk 1:16:44]} Nc4
{[%clk 1:07:43]} 30. Nxc4 {[%clk 1:16:21]} bxc4 {[%clk 1:07:25]} 31. e4 {[%clk
1:16:04]} Nb6 {[%clk 1:07:40]} 32. exd5 {[%clk 1:16:16]} Kf6 {[%clk 1:08:03]}
33. a4 {[%clk 1:16:01]} Ke7 {[%clk 1:08:07]} 34. a5 1-0

[Event "DVM U12 2018"]
[Site "Magdeburg GER"]
[Date "2018.12.28"]
[Round "4"]
[White "Freude, Max"]
[Black "Lerchl, Clemens"]
[Result "1-0"]
[Termination "normal"]
[Board "4.2"]
[WhiteElo "1440"]
[BlackElo "1625"]
[WhiteClock "00:59:48"]
[BlackClock "00:54:29"]
[WhiteTeam "SV Empor Berlin"]
[BlackTeam "SC Vaterstetten"]
[PlyCount "37"]
[WhiteFideId "16236157"]
[BlackFideId "16226372"]
[EventCountry "GER"]
[EventRounds "7"]
[EventType "team-swiss"]
[EventDate "2018.12.26"]

1. b3 {[%clk 1:30:45]} d5 {[%clk 1:30:44]} 2. Bb2 {[%clk 1:27:50]} c5 {[%clk
1:30:46]} 3. e3 {[%clk 1:27:37]} Nc6 {[%clk 1:31:04]} 4. Bb5 {[%clk 1:27:30]}
Bf5 {[%clk 1:30:50]} 5. Ne2 {[%clk 1:25:15]} a6 {[%clk 1:30:23]} 6. Bxc6+
{[%clk 1:25:25]} bxc6 {[%clk 1:30:50]} 7. d4 {[%clk 1:23:51]} cxd4 {[%clk
1:26:40]} 8. Nxd4 {[%clk 1:22:05]} Bd7 {[%clk 1:27:04]} 9. Nf3 {[%clk 1:19:32]}
Nf6 {[%clk 1:25:59]} 10. Nbd2 {[%clk 1:15:50]} Bg4 {[%clk 1:25:22]} 11. O-O
{[%clk 1:12:53]} e6 {[%clk 1:24:06]} 12. c4 {[%clk 1:09:21]} Bd6 {[%clk
1:22:21]} 13. Qc2 {[%clk 1:08:28]} O-O {[%clk 1:17:54]} 14. Rfe1 {[%clk
1:05:48]} Bf5 {[%clk 1:15:57]} 15. Qc3 {[%clk 1:02:32]} Qe7 {[%clk 1:14:18]}
16. Nd4 {[%clk 1:00:29]} Bb4 {[%clk 0:55:02]} 17. Nxc6 {[%clk 0:59:54]} Kh8
{[%clk 0:54:12]} 18. Nxe7 {[%clk 0:59:48]} Bxc3 {[%clk 0:54:29]} 19. Bxc3 1-0

[Event "DVM U12 2018"]
[Site "Magdeburg GER"]
[Date "2018.12.28"]
[Round "4"]
[White "Karpen, Jakob"]
[Black "Ellert, Stefan"]
[Result "0-1"]
[Termination "normal"]
[Board "4.3"]
[WhiteElo "1336"]
[BlackElo "1464"]
[WhiteClock "01:22:43"]
[BlackClock "01:27:17"]
[WhiteTeam "SC Vaterstetten"]
[BlackTeam "SV Empor Berlin"]
[PlyCount "62"]
[WhiteFideId "16255453"]
[BlackFideId "16235029"]
[EventCountry "GER"]
[EventRounds "7"]
[EventType "team-swiss"]
[EventDate "2018.12.26"]

1. e4 {[%clk 1:30:59]} e5 {[%clk 1:30:26]} 2. Nf3 {[%clk 1:31:20]} Nc6 {[%clk
1:30:49]} 3. d4 {[%clk 1:31:46]} exd4 {[%clk 1:31:02]} 4. Nxd4 {[%clk 1:32:08]}
Bc5 {[%clk 1:31:27]} 5. Be3 {[%clk 1:32:32]} Qf6 {[%clk 1:31:48]} 6. c3 {[%clk
1:32:58]} Nge7 {[%clk 1:32:10]} 7. Nxc6 {[%clk 1:32:55]} Bxe3 {[%clk 1:32:14]}
8. fxe3 {[%clk 1:33:13]} Qxc6 {[%clk 1:32:36]} 9. Nd2 {[%clk 1:33:35]} Qb6
{[%clk 1:32:39]} 10. Qf3 {[%clk 1:32:46]} Qxb2 {[%clk 1:32:34]} 11. Rb1 {[%clk
1:33:02]} Qxc3 {[%clk 1:32:54]} 12. Bc4 {[%clk 1:33:24]} O-O {[%clk 1:33:13]}
13. Rf1 {[%clk 1:33:44]} d5 {[%clk 1:32:54]} 14. exd5 {[%clk 1:33:07]} Nf5
{[%clk 1:33:09]} 15. Rb3 {[%clk 1:32:36]} Qe5 {[%clk 1:31:27]} 16. Bd3 {[%clk
1:29:57]} Nd4 {[%clk 1:31:16]} 17. Qf2 {[%clk 1:25:14]} Nxb3 {[%clk 1:31:19]}
18. axb3 {[%clk 1:25:29]} Qa1+ {[%clk 1:31:14]} 19. Bb1 {[%clk 1:25:31]} Bd7
{[%clk 1:30:28]} 20. Qh4 {[%clk 1:24:58]} h6 {[%clk 1:30:28]} 21. Qe4 {[%clk
1:25:09]} f5 {[%clk 1:30:39]} 22. Qc4 {[%clk 1:24:59]} Qe5 {[%clk 1:28:03]} 23.
Qd3 {[%clk 1:23:01]} Qxh2 {[%clk 1:27:03]} 24. g4 {[%clk 1:22:43]} Qg3+ {[%clk
1:27:07]} 25. Rf2 {[%clk 1:22:51]} Rae8 {[%clk 1:27:14]} 26. Kf1 {[%clk
1:22:38]} Qxg4 {[%clk 1:26:59]} 27. d6 {[%clk 1:22:46]} Qh3+ {[%clk 1:27:08]}
28. Kg1 {[%clk 1:22:50]} Rxe3 {[%clk 1:27:29]} 29. Qc4+ {[%clk 1:22:45]} Be6
{[%clk 1:26:35]} 30. Qxc7 {[%clk 1:22:52]} Rg3+ {[%clk 1:26:56]} 31. Rg2 {[%clk
1:22:43]} Qxg2# {[%clk 1:27:17]} 0-1

[Event "DVM U12 2018"]
[Site "Magdeburg GER"]
[Date "2018.12.28"]
[Round "4"]
[White "Doraszelski, Alexander"]
[Black "Lerchl, Justus"]
[Result "1-0"]
[Termination "normal"]
[Board "4.4"]
[WhiteElo "1523"]
[BlackElo "1500"]
[WhiteClock "01:10:17"]
[BlackClock "00:41:01"]
[WhiteTeam "SV Empor Berlin"]
[BlackTeam "SC Vaterstetten"]
[PlyCount "67"]
[WhiteFideId "12996149"]
[BlackFideId "16240677"]
[EventCountry "GER"]
[EventRounds "7"]
[EventType "team-swiss"]
[EventDate "2018.12.26"]

1. e4 {[%clk 1:30:52]} c5 {[%clk 1:30:50]} 2. c3 {[%clk 1:30:28]} d6 {[%clk
1:30:22]} 3. d4 {[%clk 1:30:14]} cxd4 {[%clk 1:29:51]} 4. cxd4 {[%clk 1:29:30]}
Nc6 {[%clk 1:28:51]} 5. Nc3 {[%clk 1:28:04]} Nf6 {[%clk 1:27:24]} 6. Bc4 {[%clk
1:27:00]} g6 {[%clk 1:25:21]} 7. Qb3 e6 {[%clk 1:22:02]} 8. Nge2 {[%clk
1:22:51]} Bg7 {[%clk 1:19:43]} 9. Qd1 {[%clk 1:22:22]} O-O {[%clk 1:19:12]} 10.
Bg5 {[%clk 1:21:49]} h6 {[%clk 1:18:31]} 11. Bh4 {[%clk 1:21:59]} Kh7 {[%clk
1:18:05]} 12. O-O {[%clk 1:21:55]} Qc7 {[%clk 1:17:24]} 13. Bb3 {[%clk
1:21:28]} Rd8 {[%clk 1:11:47]} 14. Rc1 {[%clk 1:20:46]} Rd7 {[%clk 1:00:02]}
15. Qd2 {[%clk 1:17:59]} b6 {[%clk 0:56:40]} 16. Ba4 {[%clk 1:16:45]} a6 {[%clk
0:53:45]} 17. d5 {[%clk 1:16:39]} Ne5 {[%clk 0:50:05]} 18. Bxd7 {[%clk
1:16:12]} Nexd7 {[%clk 0:50:01]} 19. dxe6 {[%clk 1:15:55]} fxe6 {[%clk
0:49:38]} 20. Nd5 {[%clk 1:15:39]} Qb8 {[%clk 0:49:36]} 21. Nxf6+ {[%clk
1:13:37]} Nxf6 {[%clk 0:49:39]} 22. f3 {[%clk 1:12:45]} a5 {[%clk 0:49:25]} 23.
Rc2 {[%clk 1:12:15]} Ba6 {[%clk 0:49:33]} 24. Rfc1 {[%clk 1:12:13]} Ra7 {[%clk
0:49:23]} 25. Nd4 {[%clk 1:12:06]} Bb7 {[%clk 0:45:22]} 26. Rc7 {[%clk
1:11:37]} Ne8 {[%clk 0:45:01]} 27. Rd7 {[%clk 1:10:25]} a4 {[%clk 0:43:40]} 28.
Rd8 {[%clk 1:10:36]} Bc8 {[%clk 0:42:59]} 29. Rdxc8 {[%clk 1:09:50]} Qb7 {[%clk
0:42:53]} 30. Rxe8 {[%clk 1:09:58]} g5 {[%clk 0:42:24]} 31. Bg3 {[%clk
1:09:50]} Qd7 {[%clk 0:41:31]} 32. Rec8 {[%clk 1:09:51]} e5 {[%clk 0:41:38]}
33. Nf5 {[%clk 1:10:00]} Bf6 {[%clk 0:41:01]} 34. Qxd6 {[%clk 1:10:17]} 1-0

[Event "DVM U12 2018"]
[Site "Magdeburg GER"]
[Date "2018.12.28"]
[Round "4"]
[White "Laux, Dominik"]
[Black "Kageler, Anton Paul"]
[Result "1-0"]
[Termination "normal"]
[Board "5.1"]
[WhiteElo "2058"]
[BlackElo "1480"]
[WhiteTeam "VSG 1880 Offenbach"]
[BlackTeam "SV Roter Turm Halle"]
[PlyCount "57"]
[WhiteFideId "12994219"]
[BlackFideId "16244850"]
[EventCountry "GER"]
[EventRounds "7"]
[EventType "team-swiss"]
[EventDate "2018.12.26"]

1. d4 Nf6 2. Bg5 g6 3. Bxf6 exf6 4. g3 Bg7 5. Bg2 O-O 6. e3 d5 7. Ne2 Bg4 8. c4
c6 9. cxd5 cxd5 10. Nbc3 Be6 11. O-O Nc6 12. Rc1 Ne7 13. Qb3 Qd7 14. Nf4 Rfd8
15. a3 g5 16. Nd3 b6 17. Nb4 a5 18. Nd3 Rab8 19. Nb5 Rdc8 20. Rxc8+ Rxc8 21.
Rc1 Rxc1+ 22. Nxc1 Kh8 23. Ne2 f5 24. Nbc3 Qc6 25. Na4 Ng8 26. Nxb6 Nf6 27. Nc3
Ne4 28. Bxe4 dxe4 29. d5 1-0

[Event "DVM U12 2018"]
[Site "Magdeburg GER"]
[Date "2018.12.28"]
[Round "4"]
[White "Derling, Charlotte"]
[Black "Werner, Rosalie"]
[Result "0-1"]
[Termination "normal"]
[Board "5.2"]
[WhiteElo "1399"]
[BlackElo "1572"]
[WhiteTeam "SV Roter Turm Halle"]
[BlackTeam "VSG 1880 Offenbach"]
[PlyCount "118"]
[WhiteFideId "16222237"]
[BlackFideId "16223748"]
[EventCountry "GER"]
[EventRounds "7"]
[EventType "team-swiss"]
[EventDate "2018.12.26"]

1. e4 e6 2. d4 d5 3. Nd2 Nf6 4. Bd3 c5 5. c3 Be7 6. Ngf3 Nc6 7. O-O O-O 8. Bc2
Qb6 9. exd5 exd5 10. Nb3 c4 11. Nbd2 Bg4 12. h3 Bh5 13. Re1 Bd6 14. Nf1 Rfe8
15. Ne3 Re6 16. Nf5 Bxf3 17. gxf3 Rxe1+ 18. Qxe1 Re8 19. Qd2 Bf8 20. Rb1 Ne7
21. Nxe7+ Bxe7 22. Kf1 Qe6 23. Kg2 Nh5 24. Qe3 Qd7 25. Bd2 Bf6 26. Be4 dxe4 27.
fxe4 Bd8 28. Qf3 Nf6 29. e5 Nd5 30. Rg1 Re6 31. Kh2 Rg6 32. Re1 Bc7 33. Kh1 Qc6
34. Kh2 f6 35. Qe4 fxe5 36. dxe5 Nf6 37. Qxc6 bxc6 38. f4 Nd5 39. Kh1 Re6 40.
Kg2 g6 41. Re4 Nb6 42. Be3 h6 43. Kf3 Kf7 44. Kg4 h5+ 45. Kf3 Re8 46. Bd4 Ke6
47. Re2 Rf8 48. Ke4 Nd5 49. Rf2 Bb6 50. Bxb6 axb6 51. h4 c5 52. a3 b5 53. Rf1
Ne7 54. Rg1 Rg8 55. Rg2 Nf5 56. Rh2 Rd8 57. Kf3 Rd3+ 58. Ke2 Ng3+ 59. Kf2 Kf5
0-1

[Event "DVM U12 2018"]
[Site "Magdeburg GER"]
[Date "2018.12.28"]
[Round "4"]
[White "Bergmann, Lennart"]
[Black "Adelmeyer, Nelly"]
[Result "1-0"]
[Termination "normal"]
[Board "5.3"]
[WhiteElo "1515"]
[BlackElo "1475"]
[WhiteTeam "VSG 1880 Offenbach"]
[BlackTeam "SV Roter Turm Halle"]
[PlyCount "63"]
[WhiteFideId "16270657"]
[BlackFideId "16203577"]
[EventCountry "GER"]
[EventRounds "7"]
[EventType "team-swiss"]
[EventDate "2018.12.26"]

1. e4 c5 2. Nf3 Nc6 3. d4 cxd4 4. Nxd4 Nf6 5. f3 g6 6. c4 Bg7 7. Be3 Qb6 8. Qd2
Nxe4 9. fxe4 Bxd4 10. Bxd4 Qxd4 11. Qxd4 Nxd4 12. Bd3 b6 13. O-O Bb7 14. Nc3
O-O 15. Rad1 Rfd8 16. Bb1 Nc6 17. b3 e6 18. Nb5 Ne5 19. Nd6 Bc6 20. Bc2 Rf8 21.
b4 Rab8 22. Bb3 f5 23. exf5 gxf5 24. Rf4 Nf7 25. c5 a5 26. b5 Ba8 27. cxb6 Rxb6
28. Nc4 Rxb5 29. Rxd7 Rb4 30. Ra7 Bd5 31. Rxa5 Rc8 32. Nd6 1-0

[Event "DVM U12 2018"]
[Site "Magdeburg GER"]
[Date "2018.12.28"]
[Round "4"]
[White "Berger, Janosch"]
[Black "Hentschker, Josefin"]
[Result "0-1"]
[Termination "normal"]
[Board "5.4"]
[WhiteElo "1036"]
[BlackElo "1216"]
[WhiteTeam "SV Roter Turm Halle"]
[BlackTeam "VSG 1880 Offenbach"]
[PlyCount "108"]
[WhiteFideId "16275020"]
[BlackFideId "16255810"]
[EventCountry "GER"]
[EventRounds "7"]
[EventType "team-swiss"]
[EventDate "2018.12.26"]

1. c4 e5 2. Nc3 Nf6 3. d4 Nc6 4. Nf3 exd4 5. Nxd4 Bc5 6. e3 d5 7. h3 Be6 8. b3
O-O 9. Bd3 Nxd4 10. exd4 Bxd4 11. Bb2 Re8 12. O-O Qd7 13. Re1 Rad8 14. Be2 dxc4
15. Bxc4 Bxh3 16. Rxe8+ Nxe8 17. Bb5 Qg4 18. Qf1 Nf6 19. Be2 Qg6 20. Rd1 Bg4
21. Rd3 Bxe2 22. Qxe2 Bxf2+ 23. Kxf2 Qxd3 24. Qe1 Qc2+ 25. Kg1 Qxb2 26. Qg3
Qc1+ 27. Kh2 Nd5 28. Ne4 Qh6+ 29. Kg1 Qe3+ 30. Qxe3 Nxe3 31. Kf2 Nd1+ 32. Ke2
Re8 33. Kf3 Nb2 34. Nc5 b6 35. Na6 Re7 36. a4 Nd1 37. Kf4 Rd7 38. Nb8 Rd4+ 39.
Ke5 Rd3 40. b4 Nb2 41. Ke4 Ra3 42. Nc6 Rxa4 43. Kd5 h5 44. g3 f6 45. Ke6 Nd3
46. b5 Nc5+ 47. Ke7 Ra3 48. Kd8 Rxg3 49. Kxc7 h4 50. Kd6 h3 51. Nd4 h2 52. Nc2
Rd3+ 53. Nd4 Rxd4+ 54. Kc7 h1=Q 0-1

[Event "DVM U12 2018"]
[Site "Magdeburg GER"]
[Date "2018.12.28"]
[Round "4"]
[White "Feng, Felix"]
[Black "Haschemi, Said Habieb"]
[Result "1-0"]
[Termination "normal"]
[Board "6.1"]
[WhiteElo "1430"]
[BlackElo "1571"]
[WhiteTeam "SF Neuberg"]
[BlackTeam "SG 1882 Fürth"]
[PlyCount "37"]
[WhiteFideId "16275179"]
[BlackFideId "16275110"]
[EventCountry "GER"]
[EventRounds "7"]
[EventType "team-swiss"]
[EventDate "2018.12.26"]

1. c4 e5 2. Nc3 Nc6 3. Nf3 Bc5 4. g3 d6 5. Bg2 Nf6 6. O-O a6 7. a3 Be6 8. d3
Qd7 9. Ng5 Bf5 10. Nge4 Ba7 11. Be3 Bxe3 12. Nxf6+ gxf6 13. fxe3 Bh3 14. Nd5
O-O-O 15. Rxf6 Rdf8 16. Qf1 Bxg2 17. Kxg2 Nd8 18. b4 c6 19. Nb6+ 1-0

[Event "DVM U12 2018"]
[Site "Magdeburg GER"]
[Date "2018.12.28"]
[Round "4"]
[White "Gewondow, Narek"]
[Black "Eull, Emil"]
[Result "0-1"]
[Termination "normal"]
[Board "6.2"]
[WhiteElo "1358"]
[BlackElo "1526"]
[WhiteTeam "SG 1882 Fürth"]
[BlackTeam "SF Neuberg"]
[PlyCount "128"]
[WhiteFideId "16275128"]
[BlackFideId "16253809"]
[EventCountry "GER"]
[EventRounds "7"]
[EventType "team-swiss"]
[EventDate "2018.12.26"]

1. e4 c5 2. Nf3 Nc6 3. d4 cxd4 4. Nxd4 Nf6 5. Nc3 e5 6. Nf3 Bb4 7. Bd3 d5 8.
exd5 Nxd5 9. Bd2 Nxc3 10. Bxc3 Bxc3+ 11. bxc3 O-O 12. O-O Bg4 13. h3 Bh5 14.
Be2 Qxd1 15. Bxd1 Bg6 16. Nh4 Rfd8 17. Nxg6 hxg6 18. Be2 Rd2 19. Bd3 f5 20.
Rfd1 Rxd1+ 21. Rxd1 Rd8 22. Bc4+ Kf8 23. Rxd8+ Nxd8 24. Bd5 Nc6 25. Kf1 Ke7 26.
Ke2 Kd6 27. Bg8 Ne7 28. Bb3 Nd5 29. c4 Nb6 30. Kd3 Kc5 31. f3 a5 32. a3 a4 33.
Ba2 e4+ 34. fxe4 fxe4+ 35. Kxe4 Nxc4 36. Bxc4 Kxc4 37. Kf4 Kc3 38. Kg5 Kb2 39.
Kxg6 Kxa3 40. Kxg7 Kb4 41. h4 a3 42. h5 a2 43. h6 a1=Q+ 44. Kg8 Qa2+ 45. Kg7
Qb2+ 46. Kg8 Qxc2 47. Kh8 Qxg2 48. h7 Qh3 49. Kg7 Qxh7+ 50. Kxh7 Kc3 51. Kg6 b5
52. Kf5 b4 53. Ke4 b3 54. Ke3 b2 55. Ke2 b1=Q 56. Ke3 Qb4 57. Ke2 Qe4+ 58. Kf2
Kd2 59. Kg3 Qf5 60. Kg2 Ke2 61. Kg3 Ke3 62. Kg2 Qf3+ 63. Kg1 Qe2 64. Kh1 Kf3
0-1

[Event "DVM U12 2018"]
[Site "Magdeburg GER"]
[Date "2018.12.28"]
[Round "4"]
[White "Kaiser, Jason"]
[Black "Levitskii, Philipp"]
[Result "0-1"]
[Termination "normal"]
[Board "6.3"]
[WhiteElo "1254"]
[BlackElo "1267"]
[WhiteTeam "SF Neuberg"]
[BlackTeam "SG 1882 Fürth"]
[PlyCount "68"]
[WhiteFideId "16275187"]
[BlackFideId "16275136"]
[EventCountry "GER"]
[EventRounds "7"]
[EventType "team-swiss"]
[EventDate "2018.12.26"]

1. e4 e5 2. Nf3 Nc6 3. d4 exd4 4. Nxd4 Nf6 5. Nc3 Bb4 6. Nxc6 dxc6 7. Qxd8+
Kxd8 8. e5 Ne4 9. Bd2 Nxc3 10. Bxc3 Bxc3+ 11. bxc3 Bg4 12. Bc4 Ke7 13. h3 Bf5
14. Bb3 Rad8 15. O-O g5 16. Rad1 h5 17. Rd4 c5 18. Rc4 b6 19. h4 f6 20. exf6+
Kxf6 21. hxg5+ Kxg5 22. f4+ Kg4 23. Ra4 a5 24. c4 Rd2 25. c3 Bc2 26. Bxc2 Rxc2
27. Ra3 Kf5 28. g3 Rg8 29. Rd1 Rxg3+ 30. Kf1 Kxf4 31. Rb3 Rcg2 32. Rd7 Rg1+ 33.
Ke2 R3g2+ 34. Kd3 Rd1# 0-1

[Event "DVM U12 2018"]
[Site "Magdeburg GER"]
[Date "2018.12.28"]
[Round "4"]
[White "Funk, Benno"]
[Black "Ruppel, Felix"]
[Result "1-0"]
[Termination "normal"]
[Board "6.4"]
[WhiteElo "1145"]
[BlackElo "1004"]
[WhiteTeam "SG 1882 Fürth"]
[BlackTeam "SF Neuberg"]
[PlyCount "101"]
[WhiteFideId "16275144"]
[BlackFideId "16275195"]
[EventCountry "GER"]
[EventRounds "7"]
[EventType "team-swiss"]
[EventDate "2018.12.26"]

1. e4 e5 2. Nf3 Nc6 3. c3 Bc5 4. d4 exd4 5. cxd4 Bb4+ 6. Nc3 Nf6 7. e5 Nd5 8.
Bd2 Nxc3 9. Bxc3 d6 10. Bb5 Bxc3+ 11. bxc3 a6 12. Ba4 b5 13. Bb3 O-O 14. h3 Be6
15. d5 Na5 16. dxe6 Nxb3 17. Qxb3 Qe7 18. exd6 Qxe6+ 19. Qxe6 fxe6 20. dxc7
Rfc8 21. a4 Rxc7 22. axb5 Rxc3 23. O-O Rcc8 24. b6 Rcb8 25. Rfb1 h6 26. Nd4 Kf7
27. b7 Ra7 28. Nc6 Rbxb7 29. Nxa7 Rxa7 30. Rb6 a5 31. Rb2 a4 32. Rba2 g5 33.
Rxa4 Rxa4 34. Rxa4 Kf6 35. Ra5 e5 36. g4 Kg6 37. Rxe5 h5 38. gxh5+ Kxh5 39. Kg2
Kh4 40. Re4+ Kh5 41. Kg3 Kg6 42. Kg4 Kf6 43. Ra4 Kg6 44. Ra5 Kg7 45. Rxg5+ Kf6
46. h4 Ke6 47. h5 Kd6 48. h6 Kc6 49. h7 Kb6 50. h8=Q Ka6 51. Qf6+ 1-0